Statistics for Taylor Swift Picture Song

Click here to take the quiz!

General Stats

  • This quiz has been taken 22 times
  • The average score is 11 of 12

Answer Stats

Answer% Correct
Paris
100%
Red
100%
Welcome To New York
100%
White Horse
95%
champagne problems
90%
Getaway Car
90%
mirrorball
90%
Question...?
90%
The Archer
90%
Lavender Haze
86%
Message In A Bottle
81%
peace
38%

Score Distribution

Percentile by Number Answered

Percent of People with Each Score

Your Score History

You have not taken this quiz